000 00790nam a22001935i 4500
001 163570
003 ES-MaACL
005 20250804044108.0
008 980904s1844 fr |||| | fre d
040 _aCAM
_bspa
_cCAM
100 1 _aRitter, Heinrich.
_9131840
245 1 0 _aHistoire de la philosophie chrétienne /
_cpar Henri Ritter ; traduite de l'allemand et précédée d'un mot sur la relation de la croyance avec la science par J. Trullard.
260 _aParis :
_bLibrairie Philosophique de Ladrange,
_c1844 (
_fBourgogne et Martinet)
300 _a2 v. (XXXIX, 512 ; 583 p.) ;
_c22 cm.
650 0 7 _aFilosofía cristiana
_2embne
_912834
700 1 _aTrullard, Jacques,
_d1815-1887
_9133400
852 _aES-MaACL
_jF-10665-66
_z-- Enc. hol.
999 _c163570
_d163570